Villes traversées par l'autoroute A64 - la pyrénéenne - Statistiques

Statistiques générales
  • Ce quiz a été pris 53 fois
  • Le résultat moyen est 7 sur 9
Statistiques - réponses
ville population kilomètre % Correct
Pau 77 066 105
100%
Bayonne 54 671 0
98%
Toulouse 520 896 287
96%
Tarbes 45 692 143
93%
Muret 25 060 269
72%
Orthez 10 684 64
70%
Lourdes 13 307 135
65%
Saint-Gaudens 11 753 204
65%
Cugnaux 21 841 282
24%
Aucun quiz correspondant
Distribution des résultats
% des personnes avec chaque résultat
Percentile par nombre de réponses
Votre historique - résultats
Vous n’avez pas pris ce quiz